000
00226nam a22000857a 4500
008
160914b xxu||||| |||| 00| 0 eng d
100
_9
480
_a
Singh.A.etal.
245
_a
Mathematics-Lab-7
260
_a
New Delhi
_b
ESP. Publications
_c
2011
999
_c
3137
_d
3137